Informe sobre la situación internacional. Aprobado por el IV pleno (extraordinario) del C. C. del Partido Comunista de El Salvador

Enregistré dans:
Détails bibliographiques
Collectivité auteur: Partido Comunista de El Salvador
Format: Texte
Publié: San Salvador: Editorial Farabundo
Tags: Ajouter un tag
Pas de tags, Soyez le premier à ajouter un tag!

MARC

LEADER 00000 a a2200000 04500
001 16578
003
040
090 |a EXTRAVIADO  
110 |a Partido Comunista de El Salvador  
245 |a Informe sobre la situación internacional. Aprobado por el IV pleno (extraordinario) del C. C. del Partido Comunista de El Salvador  
260 |a San Salvador:   |b Editorial Farabundo  
300 |a 65 p.  
999 |c 8958  |d 8958